| 000 | 00522nam a2200181Ia 4500 | ||
|---|---|---|---|
| 003 | OSt | ||
| 005 | 20250806111400.0 | ||
| 008 | 210210b1961 xxu||||| |||| 00| 0 eng d | ||
| 040 | _cAL | ||
| 041 | _akan | ||
| 082 | _a859/398 | ||
| 100 |
_aKRASHNAMURTI (M) _9149030 _dಕೃಷ್ಣಮೂರ್ತಿ (ಎಂ) |
||
| 245 |
_aVirapandya kattabomma: _bವೀರಪಾಂಡ್ಯ ಕಟ್ಟಬೊಮ್ಮ |
||
| 260 |
_aBengaluru _b- _c1961 |
||
| 690 |
_aKannada Fiction _9149031 |
||
| 906 | _a021268 | ||
| 942 |
_2ddc _cBK |
||
| 999 |
_c145332 _d145332 |
||